000 00562nam a22001817a 4500
020 _a9380856040
020 _a978-9380856049
082 _a551.48
_bRED
_cNUST-02-P-99 for Acc#51073
100 _aReddy, Dr. P.Jaya Rami
_940685
245 0 0 _aA text book of hydrology
_cReddy, Dr. P.Jaya Rami
250 _a3rd ed. :
260 _aBengaluru, India ;
_bUniversity science press,
_c2016.
300 _a509 pages :
_c24 cm.
526 _a0
_b0
_c0
_d551_480000000000000_RED
526 _a0
_b0
_c0
_d551_480000000000000_RED
650 0 _aHydrology
942 _2ddc
_cBK
999 _c554171
_d554171